000 00342pab a2200133 454500
008 180718b1990 xxu||||| |||| 00| 0 eng d
245 _aReview of agriculture (a special feature)
260 _c1990
300 _aA146-92
362 _a29 Dec.
650 _aAgriculture And Technology
773 _aEconomic and Political Weekly
909 _a3804
999 _c3804
_d3804